| 000 | 01455nam a2200301 a 4500 | ||
|---|---|---|---|
| 001 | 000028813 | ||
| 003 | DO-SdBNP | ||
| 005 | 20230714132316.0 | ||
| 008 | 100212s2010 dr 001 0 spa d | ||
| 020 | _a9789945163162 | ||
| 040 |
_aDO-SdBNP _bspa _cBPMSU |
||
| 082 | 4 |
_a972.93053 _bM516p 2010 _222 |
|
| 100 | 1 |
_aMejía-Ricart Guzmán, Octavio, _d1931-1959 |
|
| 245 | 1 | 0 |
_aPro-patria : _baportes políticos de un héroe de junio del 1959 / _cOctavio Mejía-Ricart Guzmán; proemio Tirso Mejía-Ricart. |
| 250 | _a2a. ed. | ||
| 260 |
_aSanto Domingo : _bFundación Mejía-Ricart-Guzmán Boom, _c2009. |
||
| 300 |
_a108 p. ; _c22 cm. |
||
| 505 | 0 |
_gProemio / _rTirso Mejía-Ricart -- _tTestamento emocional -- _tLa evolución dominicana y su redención como pueblo -- _tAcción revolucionaria Pro-Patria Dominicana: declaración de principios y programa general de la revolución dominicana. |
|
| 590 | _aInventariado, 2023/VM | ||
| 650 | 4 |
_aPensamiento político y social _xEnsayos, conferencias, etc. |
|
| 651 | 4 |
_aRepública Dominicana _xHistoria _yEra de Trujillo, 1930-1961 |
|
| 651 | 4 |
_aRepública Dominicana _xPolítica Y Gobierno _xEnsayos, Conferencias, Etc. |
|
| 651 | 4 |
_aRepública Dominicana _yInvasión, 1959- _xHistoria |
|
| 700 | 1 |
_a Mejía-Ricart G., Tirso, _d1936-2021 _q(Mejía-Ricart Guzmán) _epról. |
|
| 710 | 2 | _aFundación Mejía Ricart-Guzmán Boom (República Dominicana) | |
| 910 | _aVMateo V. Control de calidad (BPMSU) | ||
| 942 |
_2ddc _cBK |
||
| 999 |
_c14423 _d14423 |
||